000 00356cam a22001217a 4500
008 180718b1977 xxu||||| |||| 00| 0 eng d
082 _aI92x54 G959
100 _aGupta, S.C.
245 _aLaw relating to commissions of inquiry
_cby S.C. Gupta
260 _aDelhi
_bIndian Law Centre
_c1977
300 _a341p.
650 _aGovernmental investigations --India
999 _c345361
_d345361